Annals of DAAAM for 2005 and Proceedings

Salvato in:
Dettagli Bibliografici
Ente Autore: International DAAAM Symposium "Intelligent Manufacturing & Automation: Focus on Young Researchers and Scientists" Opatija, Croatia
Natura: Atti del Convegno Libro
Lingua:inglese
Pubblicazione: Viena : DAAAM International, 2005
Soggetti:
Tags: Aggiungi Tag
Nessun Tag, puoi essere il primo ad aggiungerne!!

MARC

LEADER 00000nam a22000003a 4500
001 stu97063
005 20150408182125.0
008 051107s2005----au------------------eng-d
020 |a 3-901509-46-1 
020 |a 978-3-901509-46-9 
022 |a 1726-9679 
040 |a STU  |b slo 
041 0 |a eng 
044 |a au 
080 |a 621 
080 |a (063) 
111 2 |a International DAAAM Symposium "Intelligent Manufacturing & Automation: Focus on Young Researchers and Scientists"  |n (16th :  |d 19-22nd October 2005 :  |c Opatija, Croatia) 
245 |a Annals of DAAAM for 2005 and Proceedings 
260 |a Viena :  |b DAAAM International,  |c 2005 
300 |a 413 s 
650 7 |a strojníctvo  |2 stusub 
996 |b 284M063514  |c M*Z-2727  |l MMKN  |s A  |a 24  |w stu97063_0001